Better Call Saul Trivia #N - Statistics

General Stats
  • This quiz has been taken 63 times
  • The average score is 8 of 15
Answer Stats
Hint Answer % Correct
US State, where the show takes place New Mexico
100%
Criminal, working for Tuco, Hector and then Gus Nacho Varga
93%
Jimmys office is in the back of a __ __ Nail salon
89%
Chuck goes outside in a space blanket stealing the neighbors __ Newspaper
82%
Kims home state Nebraska
78%
Howards license plate and indian greeting Namaste
71%
Owner of the above: Mrs. __ Nguyen
58%
Dont smoke in spanish No fumar
40%
One of Tucos henchmen No-Doze
38%
Episode in Season 6 Nippy
33%
The vet points out to Mike that if he wants "next level pay", he must be willing to do __ __ __ next level work
29%
Paiges surname Novick
24%
Episode in Season 2 Nailed
18%
He replaces Hectors medicine (___) with placebo medication Nitroglycerin
13%
One of Nachos girlfriends Nikki
4%
No matching quizzes found
Score Distribution
Percent of People with Each Score
Percentile by Number Answered
Your Score History
You have not taken this quiz